Iesus Christ (Record no. 115641)
[ view plain ]
| 000 -LEADER | |
|---|---|
| campo de control de longitud fija | 00466nam a2200157 i 4500 |
| 001 - NÚMERO DE CONTROL | |
| campo de control | 115641 |
| 003 - IDENTIFICADOR DE NÚMERO DE CONTROL | |
| campo de control | ES-MaACL |
| 007 - CAMPO FIJO DE DESCRIPCIÓN FÍSICA--INFORMACIÓN GENERAL | |
| campo de control de longitud fija | t| |
| 008 - DATOS DE LONGITUD FIJA--INFORMACIÓN GENERAL | |
| campo de control de longitud fija | 030202s1908 xxk ||||1| baq d |
| 130 0# - ENTRADA PRINCIPAL--TÍTULO UNIFORME | |
| Título uniforme | Biblia. |
| Nombre de parte o sección de la obra | N.T. |
| Lenguaje de la obra | Vasco. |
| 9 (RLIN) | 119312 |
| 245 10 - MENCIÓN DEL TÍTULO | |
| Título | Iesus Christ |
| Resto del título | : gure iaunaren testamentu berria. |
| 260 ## - PUBLICACIÓN, DISTRIBUCIÓN, ETC. | |
| Lugar de publicación, distribución, etc. | London : |
| Nombre del editor, distribuidor, etc. | The Trinitarian Bible Society, |
| Fecha de publicación, distribución, etc. | 1908. |
| 300 ## - DESCRIPCIÓN FÍSICA | |
| Extensión | 917 p. ; |
| Dimensiones | 12 cm. |
| 710 2# - ENTRADA AGREGADA--NOMBRE DE ENTIDAD CORPORATIVA | |
| Nombre de entidad corporativa o nombre de jurisdicción como elemento de entrada | The Trinitarian Bible Society. |
| 9 (RLIN) | 6960 |
| 852 ## - LOCALIZACIÓN | |
| Ubicación | ES-MaACL |
| Número de control de estantería | G-13410 |
| Estatus retirado | Estado de pérdida | Estado de daño | No para préstamo | Biblioteca de origen | Biblioteca actual | Ubicación en estantería | Fecha de adquisición | Fuente de adquisición | Total de préstamos | Signatura topográfica completa | Código de barras | Visto por última vez | Precio de reemplazo | Tipo de ítem Koha |
|---|---|---|---|---|---|---|---|---|---|---|---|---|---|---|
| Biblioteca del Ateneo de Madrid | Biblioteca del Ateneo de Madrid | Sala Pecera Planta 3 | 17/01/2008 | G-13410 | 1120593 | 23/02/2023 | 23/02/2023 | Libro impreso |
